Hombre y Sociedad en la Edad Moderna y Contemporánea

Guardado en:
書目詳細資料
格式: 圖書
語言:Spanish
出版: San José, Costa Rica La Mini 1990
主題:
標簽: 添加標簽
沒有標簽, 成為第一個標記此記錄!

MARC

LEADER 00000nam a2200000Ia 4500
008 170316s9999 xx 000 0 spa d
040 |a cru BVZT 
090 |a 100 H-29.5h 
245 |a Hombre y Sociedad en la Edad Moderna y Contemporánea 
260 |a San José, Costa Rica 
260 |b La Mini 
260 |c 1990 
300 |a 199 páginas 
650 |a FILOSOFÍA 
650 |a HISTORIA 
650 |a HOMBRE Y SOCIEDAD - EDAD MODERNA 
650 |a HOMBRE Y SOCIEDAD - EDAD CONTEMPORÁNEA 
942 |c 15 D 
999 |c 15439  |d 15439